Flags of U.S. Cities Quiz - Statistics

General Stats
  • This quiz has been taken 37 times
  • The average score is 10 of 20
Answer Stats
Picture Answer % Correct
New York City
96%
Chicago
88%
Washington, D.C.
85%
New Orleans
77%
Baltimore
69%
Denver
65%
San Antonio
54%
Portland
50%
St. Louis
50%
Indianapolis
42%
Pittsburgh
42%
Cincinnati
38%
Orlando
38%
Minneapolis
35%
Tulsa
35%
Buffalo
31%
Salt Lake City
31%
Omaha
27%
Colorado Springs
23%
Wichita
19%
No matching quizzes found
Score Distribution
Percent of People with Each Score
Percentile by Number Answered
Your Score History
You have not taken this quiz